Stemmi Squadre di calcio dal dettaglio - Quiz n°32 - Statistics

Statistiche generali
  • Questo quiz è stato fatto 5 volte
  • Il punteggio medio è 7 su 10
Statistiche sulle risposte
con Immagini Risposta % Corretto
Fluminense
100%
Eibar
80%
Monaco
80%
Rayo Vallecano
80%
Saragozza
80%
Brøndby
60%
Millwall
60%
Servette
60%
Le Havre
40%
West Bromwich Albion
20%
Nessun quiz corrispondente trovato
Distribuzione punteggi
Percentuale di utenti per punteggio
Percentile per numero di risposta
I tuoi punteggi nel tempo
Non hai fatto questo quiz